The sun and stars
| Main Author: | |
|---|---|
| Format: | Book |
| Published: |
London :
Watts Books ,
1993
|
| Series: | First starts space
|
| Subjects: |
MARC
| LEADER | 00000cam a2200000 7i4500 | ||
|---|---|---|---|
| 001 | 0000001246 | ||
| 002 | 000001375 | ||
| 005 | 20000330.0 | ||
| 020 | |a 074961031X | ||
| 090 | 0 | 0 | |a J 030 |b SIM |
| 100 | 1 | |a Sims, Lesley | |
| 245 | 1 | 4 | |a The sun and stars |c Lesley Sims |
| 260 | |a London : |b Watts Books , |c 1993 | ||
| 300 | |a 23p. : |b ill. ; |c 17cm. | ||
| 490 | 0 | |a First starts space | |
| 650 | 0 | 0 | |a Sun |x Juvenile literature |
| 999 | |a 031023 |b BUKU |c PINJAMAN |e PERPUSTAKAAN KOMUNITI CAW KOTA DAMANSARA | ||